000 00514cam a2200157 4500500
005 20260329004126.0
041 _afre
042 _adc
100 1 0 _aNathan, Tobie
_eauthor
245 0 0 _aComposteur d’appartement. La résurrection sur le balcon
260 _c2018.
500 _a36
690 _aTobie Nathan
786 0 _nPhilosophie magazine | 122 | 9 | 2018-09-01 | p. 13-13 | 1951-1787
856 4 1 _uhttps://shs.cairn.info/magazine-philosophie-magazine-2018-9-page-13?lang=fr&redirect-ssocas=7080
999 _c1830943
_d1830943